| 000 | 00810nam a22002537a 4500 | ||
|---|---|---|---|
| 005 | 20170123162307.0 | ||
| 010 | _aB-105958 | ||
| 020 | _c150.00 | ||
| 035 | _aB-105958 | ||
| 037 | _bCen Lib/Ret | ||
| 040 |
_aDPL _bUR |
||
| 082 |
_a847 _bگ ل ا |
||
| 100 |
_aگلاٹی، سی. ایل. _9111323 |
||
| 245 |
_aنادانیاں / _cگلاٹی سی. ایل شوق |
||
| 246 |
_aNadaniyan / _bby C.L. Gulati Shoq |
||
| 260 |
_aنیو دہلی _bہندی بک ہاؤس _c2004 |
||
| 270 |
_bنیو دہلی _aنیو فرینڈز کالونی _e110065 |
||
| 300 |
_a264p. _c21cm(Hb) |
||
| 650 |
_a ادب - ہندی _9111324 |
||
| 650 |
_a ہندی نظمیں _9462 |
||
| 650 |
_aLiterature -- Hindi _983958 |
||
| 650 |
_aHindi poems _9111325 |
||
| 942 |
_2ddc _cUR _h847 _mگ ل ا |
||
| 999 |
_c106404 _d106404 |
||